Online
Catalog
Normal view MARC view

Entry Nombre personal

Number of records used in: 113

001 - NÚMERO DE CONTROL

  • campo de control: 851

003 - IDENTIFICADOR DEL NÚMERO DE CONTROL

  • campo de control: BNPHU

005 - FECHA Y HORA DE LA ÚLTIMA TRANSACCIÓN

  • campo de control: 20240301164758.0

008 - DATOS DE LONGITUD FIJA

  • campo de control de longitud fija: 200615|| aca||aabn | a|a d

010 ## - NÚMERO DE CONTROL DE LA BIBLIOTECA DEL CONGRESO

  • Número de control de LC: n 78035804

040 ## - FUENTE DE LA CATALOGACIÓN

  • Centro catalogador/agencia de origen: DO-SdBNP
  • Lengua de catalogación: spa
  • Centro/agencia transcriptor: BNPHU
  • Normas de descripción: rda

100 1# - ENCABEZAMIENTO-NOMBRE DE PERSONA

  • Nombre de persona: Rosario Candelier, Bruno,
  • Fechas asociadas al nombre: 1941-

370 ## - LUGAR ASOCIADO

  • Lugar de nacimiento: Moca (República Dominicana)

372 ## - CAMPO DE ACTIVIDAD

  • Campo de actividad: Escritor
  • Campo de actividad: Editor

375 ## - GÉNERO/SEXO

  • Género/Sexo: Masculino

377 ## - LENGUA/LENGUAJE ASOCIADO

  • Código del idioma: spa

400 ## - TRAZADO DE VÉASE--NOMBRE DE PERSONA

  • Nombre de persona: Candelier, Bruno Rosario,
  • Fechas asociadas al nombre: 1941

670 ## - FUENTE DE DATOS ENCONTRADOS

  • Cita de la fuente: Rosario Candelier, Bruno, 1941-, La garra del estrés :, 2006.

670 ## - FUENTE DE DATOS ENCONTRADOS

  • Cita de la fuente: Lo popular y lo culto ... 1977

670 ## - FUENTE DE DATOS ENCONTRADOS

  • Cita de la fuente: Antología de poesía social: siglos XIX-XXI, 2015

670 ## - FUENTE DE DATOS ENCONTRADOS

  • Cita de la fuente: Metafísica de la sensibilidad, 2018

Powered by Koha